000 00518nam a2200181Ia 4500
999 _c16782
_d16782
003 OSt
005 20200606120005.0
008 190216s9999||||xx |||||||||||||| ||und||
020 _a8190184032
040 _cMESKC library
082 _a891.443
_bMUK/S
100 _aMukhopadhyay, Vibhutibhushan
_9350
245 0 _aSodamani /
_cVibhutibhushan Mukhopadhyay
260 _bKabir Mandir,
_c2012.
_aDelhi:
300 _a181p
650 _aHindi
942 _cBK
_2ddc
_h891.443
_iMUK/S
_k891.443
_mMUK/S